02706njm a2200373Ia 450000100060000000300090000600500170001500800410003204000130007304000130008610000110009910000180011010000380012824500490016625000110021526000070022626000840023330000100031730000290032750000530035650506140040965000560102370001250107970001740120470001430137870001040152170000980162570001010172370001190182470001020194370000940204570000900213970001030222927230IT-RoPAU20220918181121.0131025s9999 xx 000 0 und d aIT-RoPAU cIT-RoPAU aAA.VV. eAutore musica gCodice autore musica SPICS: 12000 aClassic in tv con grande orchestra sinfonica a1a ed. aMI bI.M.I.INTERNATIONAL MUSIC OF ITALYc1985 [1a Ed.:1985 - Ed. Lingua Orig.: 1985] aDISCO c40 minuti (Testo: pag.) aMusica classica negli spot e in sigle televisive aLa gazza ladra: sinfonia (5:00) - Concerto n. 21 per pf e orchestra K 467 (2:00) - Concerto n 1 per pf e orchestra, op 23 (4:00) - Marcia funebre per una marionetta (2:00) - Sinfonia n 40 K 550 (2:00) - Una notte sul monte Calvo (3:00) - Sinfonia n 9 "Dal nuovo mondo" (3:00) - Passacaglia dalla suite n.7 in sol minore (2:00) - Guglielmo Tell: sinfonia (4:00) - Piccola serenata notturna K 525 (2:00) - Il lago dei cigni: tema (3:00) - Cavalleria leggera: ouverture (3:00) - Sul bel Danubio blu (2:00) - Sinfonia n. 6 "Pastorale" op 68 (4:00) - Tannhauser: ouverture (3:00) - Preludio dal "Te Deum" (3:00) -  aCOLONNA SONORA [DISCHI]eCodice MATERIA SPICS: 9950 aRossini GioachinodCodice autore musica SPICS: 11125eAutore musicapLa gazza ladra: sinfonia - Guglielmo Tell: sinfonia aMozart Wolfgang AmadeusdCodice autore musica SPICS: 3486eAutore musicapConcerto n. 21 per pf e orchestra K 467 - Sinfonia n 40 K 550 - Piccola serenata notturna K 525 aCajkovskij Petr LlijchdCodice autore musica SPICS: 10808eAutore musicapConcerto n 1 per pf e orchestra, op 23 - Il lago dei cigni: tema aGounod CharlesdCodice autore musica SPICS: 10670eAutore musicapMarcia funebre per una marionetta aMusorgskij ModestdCodice autore musica SPICS: 3431eAutore musicapUna notte sul Monte Calvo aDvorak AntonindCodice autore musica SPICS: 10772eAutore musicapSinfonia n 9 "Dal nuovo mondo" aHandel Georg FriedrichdCodice autore musica SPICS: 5619eAutore musicapPassacaglia dalla suite n.7 in sol minore aSuppé Franz VondCodice autore musica SPICS: 8215eAutore musicapCavalleria leggera: ouverture aStrauss Johann Jr.dCodice autore musica SPICS: 11164eAutore musicapSul bel Danubio blu aWagner RicharddCodice autore musica SPICS: 563eAutore musicapTannhauser: ouverture aCharpentier Marc-AntoinedCodice autore musica SPICS: 10663eAutore musicapPreludio dal "Te Deum"